Normal view
MARC view
Entry Personal Name
001 - CONTROL NUMBER
- control field: 16575
003 - CONTROL NUMBER IDENTIFIER
- control field: OSt
005 - DATE AND TIME OF LATEST TRANSACTION
- control field: 20230328114423.0
008 - FIXED-LENGTH DATA ELEMENTS
- fixed length control field: 230328|| aca||aabn | a|a d
040 ## - CATALOGING SOURCE
- Original cataloging agency: OSt
- Transcribing agency: OSt
100 ## - HEADING--PERSONAL NAME
- Personal name: Rosenberg, Leon E.,
- Dates associated with a name: 1933-2022,
- Relator term: editor.
670 ## - SOURCE DATA FOUND
- Source citation: Work cat.: (OSt)0: Duncan, Garfield G. (Garfield George), 1901-1983. 16572, Duncan's Diseases of metabolism., 1974.
